Avrupa'dan Amerika'ya göç eden iş gücünün sanayi sektöründeki işletmelerde karşılaştığı sorunların örgüt kültürü kapsamında incelenmesi/ (Record no. 68221)
| 000 -BAŞLIK | |
|---|---|
| Sabit Uzunluktaki Kontrol Alanı | 01764nam a22004937a 4500 |
| 001 - KONTROL NUMARASI | |
| Control Dosyası | T0000755 |
| 003 - KONTROL NUMARASI KİMLİĞİ | |
| Kontrol Alanı | KOHA_MİRAKIL |
| 005 - EN SON İŞLEM TARİHİ ve ZAMANI | |
| Kontrol Alanı | 20260207004721.0 |
| 007 - FİZİKSEL TANIM SABİT ALAN - GENEL BİLGİ | |
| Sabit uzunluklu kontrol alanı | ta |
| 008 - SABİT UZUNLUKTAKİ VERİ ÖGELERİ - GENEL BİLGİ | |
| Sabit Alan | 220824b2022 tu |||grm|||#0|||0|tur | |
| 040 ## - KATALOGLAMA KAYNAĞI | |
| Özgün Kataloglama Kurumu | TR-BiSEU |
| Kataloglama Dili | tur |
| Çeviri Kurumu | TR-BiSEU |
| Açıklama Kuralları | rda |
| 041 0# - DİL KODU | |
| Metin ya da ses kaydının dil kodu | tur |
| 044 ## - YAYINLAYAN/ÜRETEN KURULUŞUN ÜLKE KODU | |
| ISO country code | tu |
| 050 00 - SINIFLAMA ve YER NUMARASI | |
| Sınıflama Numarası | Tez |
| Yer Numarası | 755 |
| 100 1# - KİŞİ ADI | |
| Yazar Adı (Kişi adı) | Arslan, Eren. |
| 245 1# - ESER ADI BİLDİRİMİ | |
| Başlık | Avrupa'dan Amerika'ya göç eden iş gücünün sanayi sektöründeki işletmelerde karşılaştığı sorunların örgüt kültürü kapsamında incelenmesi/ |
| Sorumluluk Bildirimi | Eren Arslan ; Eren Arslan; danışman Gürkan Haşit. |
| 264 #1 - ÜRERİM, YAYIN, DAĞITIM ve TELİF BİLDİRİMİ | |
| Yayın yeri | Bilecik : |
| Yayınlayan | Bilecik Şeyh Edebali Üniversitesi |
| Yayın tarihi | 2022 |
| 300 ## - FİZİKSEL TANIMLAMA | |
| Sayfa, Cilt vb. | VIII, 105 sayfa: resimli; 30cm. + |
| Birlikteki Materyal | 1CD-ROM. |
| 336 ## - İÇERİK TÜRÜ | |
| Content type term | metin |
| Content type code | txt |
| Source | rdacontent |
| 337 ## - MEDYA TÜRÜ | |
| Media type term | aracısız |
| Media type code | n |
| Source | rdamedia |
| 338 ## - TAŞIYICI TÜRÜ | |
| Carrier type term | cilt |
| Carrier type code | nc |
| Source | rdacarrier |
| 490 0# - DİZİ BİLDİRİMİ | |
| Dizi Bildirimi | Ref. |
| 490 0# - DİZİ BİLDİRİMİ | |
| Dizi Bildirimi | No: 10451290 |
| 500 ## - GENEL NOT | |
| Genel Not | Kaynakça var. |
| 500 ## - GENEL NOT | |
| Genel Not | İngilizce Eser Adı: Examining the problems faced by the workforce migrating from Europe to America in the businesses in the industrial sector withn the scope of organizational culture. |
| 502 ## - TEZ NOTU | |
| Tez Notu | Tez (Yüksek Lisans) -- Bilecik Üniversitesi Sosyal Bilimler Enstitüsü Tarih Anabilim Dalı, Bilecik, . |
| 650 #0 - KONU BAŞLIĞI EK GİRİŞ - KONU TERİMİ | |
| Konusal terim veya coğrafi ad | Göç. |
| 9 (RLIN) | 6274 |
| 650 #0 - KONU BAŞLIĞI EK GİRİŞ - KONU TERİMİ | |
| Konusal terim veya coğrafi ad | Kültür ve örgüt kültürü. |
| 9 (RLIN) | 128318 |
| 650 #0 - KONU BAŞLIĞI EK GİRİŞ - KONU TERİMİ | |
| Konusal terim veya coğrafi ad | Yönetim. |
| 9 (RLIN) | 3705 |
| 650 #0 - KONU BAŞLIĞI EK GİRİŞ - KONU TERİMİ | |
| Konusal terim veya coğrafi ad | Sanayi şirketleri. |
| 9 (RLIN) | 128319 |
| 650 #0 - KONU BAŞLIĞI EK GİRİŞ - KONU TERİMİ | |
| Konusal terim veya coğrafi ad | Migration. |
| 9 (RLIN) | 123631 |
| 650 #0 - KONU BAŞLIĞI EK GİRİŞ - KONU TERİMİ | |
| Konusal terim veya coğrafi ad | Management. |
| 9 (RLIN) | 4546 |
| 650 #0 - KONU BAŞLIĞI EK GİRİŞ - KONU TERİMİ | |
| Konusal terim veya coğrafi ad | Industrial Companies. |
| 9 (RLIN) | 128320 |
| 650 #0 - KONU BAŞLIĞI EK GİRİŞ - KONU TERİMİ | |
| Konusal terim veya coğrafi ad | |
| 9 (RLIN) | 5500 |
| 650 #0 - KONU BAŞLIĞI EK GİRİŞ - KONU TERİMİ | |
| Konusal terim veya coğrafi ad | |
| 9 (RLIN) | 5500 |
| 650 #0 - KONU BAŞLIĞI EK GİRİŞ - KONU TERİMİ | |
| Konusal terim veya coğrafi ad | |
| 9 (RLIN) | 5500 |
| 650 #0 - KONU BAŞLIĞI EK GİRİŞ - KONU TERİMİ | |
| Konusal terim veya coğrafi ad | |
| 9 (RLIN) | 5500 |
| 650 #0 - KONU BAŞLIĞI EK GİRİŞ - KONU TERİMİ | |
| Konusal terim veya coğrafi ad | |
| 9 (RLIN) | 5500 |
| 650 #0 - KONU BAŞLIĞI EK GİRİŞ - KONU TERİMİ | |
| Konusal terim veya coğrafi ad | |
| 9 (RLIN) | 5500 |
| 830 0# - SERİ EK GİRİŞİ - TEKBİÇİM ESER ADI | |
| Tekbiçim Başlık | Ref. |
| 9 (RLIN) | 123605 |
| 830 0# - SERİ EK GİRİŞİ - TEKBİÇİM ESER ADI | |
| Tekbiçim Başlık | No: 10451290 |
| 9 (RLIN) | 128321 |
| 907 ## - LOCAL DATA ELEMENT G, LDG (RLIN) | |
| a | Yüksek Lisans |
| 942 ## - EK GİRİŞ ÖGELERİ (KOHA) | |
| Source of classification or shelving scheme | Library of Congress Classification |
| Koha item type | Thesis |
| Materyal Türü | Kalıcı Konum | Mevcut Konum | Raf Yeri | Sınıflandırma Kaynağı | Edinim Bilgisi | Yer Numarası | Demirbaş Numarası | Fatura Tarihi | Geri Çekilme Durumu | Kayıp Durumu | Hasarlı Durumu | Kredi için değil | Kayıt Tarih | Toplam Ödünçverme | Son Görülme Tarihi | Son Kontrol Tarihi |
|---|---|---|---|---|---|---|---|---|---|---|---|---|---|---|---|---|
| Thesis | Prof. Dr. Azmi Özcan Kütüphanesi | Prof. Dr. Azmi Özcan Kütüphanesi | Depo | Library of Congress Classification | Bağış | Tez/755 | T0000755 | 02/02/2026 | 24/08/2022 | 05/03/2025 | 05/03/2025 |
